Las siete palabras
I tiakina i:
| Kaituhi matua: | |
|---|---|
| Hōputu: | Pukapuka |
| Reo: | Pāniora |
| I whakaputaina: |
Santiago
Aire Libre
1980
|
| Ngā marau: | |
| Ngā Tūtohu: |
Tāpirihia he Tūtohu
Kāore He Tūtohu, Me noho koe te mea tuatahi ki te tūtohu i tēnei pūkete!
|
MARC
| LEADER | 00000nam a2200000 a 4500 | ||
|---|---|---|---|
| 001 | UCW0058 | ||
| 003 | CL-VaPUC | ||
| 008 | 880504e19800000CL |||||||||||||||||spa|d | ||
| 082 | 0 | 4 | |a Ch861 |b MAS |2 21 |
| 100 | |a Massone del Campo, Juan Antonio |e autor |9 561466 | ||
| 245 | 1 | 4 | |a Las siete palabras |
| 300 | |a 47 p | ||
| 942 | |c BK | ||
| 945 | |d 19880504 00:00:00 | ||
| 260 | |a Santiago |b Aire Libre |c 1980 | ||
| 650 | 0 | |a Poesías chilenas |9 265280 | |
| 583 | |a last modification |c 19880504 00:00:00 |k Rodrigo Vera | ||
| 999 | |c 215305 |d 215303 | ||
| 952 | |0 0 |1 0 |4 0 |6 CH_861_000000000000000_MAS_1980 |7 0 |8 A |9 199395 |a BIBART |b BIBART |d 2019-11-14 |i 2667010 |o Ch861 MAS 1980 |p 2667010 |r 2025-03-13 |w 2019-11-14 |y BK |k ART | ||
| 952 | |0 0 |1 0 |4 0 |6 CH_861_000000000000000_MAS_1980 |7 0 |8 A |9 199396 |a BIBEDU |b BIBEDU |d 2019-11-14 |i 4190297 |o Ch861 MAS 1980 |p 4190297 |r 2019-11-14 |w 2019-11-14 |y BK |k LIT | ||